Essentials of Bussiness Communication (Record no. 15165)
[ view plain ]
| 000 -LEADER | |
|---|---|
| fixed length control field | 00565nam a22002177a 4500 |
| 003 - CONTROL NUMBER IDENTIFIER | |
| control field | BD-DhSAU |
| 005 - DATE AND TIME OF LATEST TRANSACTION | |
| control field | 20210915120716.0 |
| 008 - FIXED-LENGTH DATA ELEMENTS--GENERAL INFORMATION | |
| fixed length control field | 210915b xxu||||| |||| 00| 0 eng d |
| 020 ## - INTERNATIONAL STANDARD BOOK NUMBER | |
| International Standard Book Number | 9780324588002 |
| 040 ## - CATALOGING SOURCE | |
| Original cataloging agency | BD-DhSAU |
| 082 ## - DEWEY DECIMAL CLASSIFICATION NUMBER | |
| Edition number | 22 |
| Classification number | 808.06665 |
| Item number | G9393 |
| 100 ## - MAIN ENTRY--PERSONAL NAME | |
| Personal name | Mary Ellen Guffey, Dana Loewy; |
| 245 ## - TITLE STATEMENT | |
| Title | Essentials of Bussiness Communication |
| 260 ## - PUBLICATION, DISTRIBUTION, ETC. (IMPRINT) | |
| Place of publication, distribution, etc. | Cengage |
| Name of publisher, distributor, etc. | United States |
| Date of publication, distribution, etc. | 2019 |
| 300 ## - PHYSICAL DESCRIPTION | |
| Extent | xix, 482p.; |
| Dimensions | 25cm. |
| 590 ## - Name of Cataloguer | |
| Name of Cataloger | nazmul |
| 610 ## - SUBJECT ADDED ENTRY--CORPORATE NAME | |
| Corporate name or jurisdiction name as entry element | Essentials |
| 650 ## - SUBJECT ADDED ENTRY--TOPICAL TERM | |
| Topical term or geographic name as entry element | Bussiness |
| 651 ## - SUBJECT ADDED ENTRY--GEOGRAPHIC NAME | |
| Geographic name | Communication |
| 942 ## - ADDED ENTRY ELEMENTS (KOHA) | |
| Source of classification or shelving scheme | Dewey Decimal Classification |
| Koha item type | Book |
| Withdrawn status | Lost status | Source of classification or shelving scheme | Damaged status | Not for loan | Home library | Branch Name | Shelving location | Date acquired | Total Checkouts | Full call number | Barcode | Date last seen | Price effective from | Koha item type | Public note | Date checked out |
|---|---|---|---|---|---|---|---|---|---|---|---|---|---|---|---|---|
| Dewey Decimal Classification | Not For Loan | SAU Library | SAU Library | Reference | 15/09/2021 | 808.06665 G9393 | 42436 | 15/09/2021 | 15/09/2021 | Book | Project-2021 | |||||
| Dewey Decimal Classification | SAU Library | SAU Library | General Stacks | 15/09/2021 | 1 | 808.06665 G9393 | 42437 | 27/11/2022 | 15/09/2021 | Book | Project-2021 | 23/11/2022 |
